| 000 | 00958cam a2200301 i 4500 | ||
|---|---|---|---|
| 999 |
_c200442969 _d61181 |
||
| 001 | 200442969 | ||
| 003 | TR-AnTOB | ||
| 005 | 20241111152749.0 | ||
| 007 | ta | ||
| 008 | 840125s1977 tu 001 0 tur | ||
| 035 | _a(TR-AnTOB)200442969 | ||
| 040 |
_aTR-AnTOB _beng _erda _cTR-AnTOB |
||
| 041 | 0 | _atur | |
| 050 | 4 |
_aKKX3544 _b.T87 1977 |
|
| 090 | _aTOBBK KKX3544 .T87 1977 | ||
| 245 | 1 | 0 |
_aTürkiye Cumhuriyet dönemi Vergi, Resim ve Harç Kanunları : _b(1920-1977) / _c[hazırlayan] Akif Erginay. |
| 264 | 3 |
_aAnkara : _bElif Matbaacılık, _c1977. |
|
| 300 |
_a2 volumes ; _c24 cm |
||
| 336 |
_atext _btxt _2rdacontent |
||
| 337 |
_aunmediated _bn _2rdamedia |
||
| 338 |
_avolume _bnc _2rdacarrier |
||
| 650 | 7 |
_aVergilendirme _xHukuk ve mevzuat _zTürkiye _2 _937 |
|
| 700 | 1 |
_aErginay, Akif, _d1915-2004 _eeditor _9131978 |
|
| 740 | 0 | _aVergi kanunları. | |
| 942 |
_2lcc _cBK |
||